Geografía física /

Detalles Bibliográficos
Autor principal: Strahler, Arthur N.
Formato: Libro
Publicado: Barcelona : Omega, 1981.
Materias:
Etiquetas: Agregar Etiqueta
Sin Etiquetas, Sea el primero en etiquetar este registro!

MARC

LEADER 00000nam a22000004a 4500
001 AR-BbUGT1019
003 AR-BbUGT
005 20181220001512.0
007 ta
008 061101t1981 |||a |0|||0| d
020 |a 84-282-0351-2 
040 |a AR-BbUGT  |b spa  |c AR-BbUGT 
082 0 4 |a 910 
100 1 |a Strahler, Arthur N. 
245 1 0 |a Geografía física /   |c Arthur N. Strahler. 
260 |a Barcelona :   |b Omega,   |c 1981. 
300 |a 767 p. :   |b il. ;   |c 25 cm. 
500 |a Contiene al final Mapas del Mundo: Precipitación media anual.-Clasificación climática Köppen-Geiger.-Suelos.-Vegetación natural.-Formas de modelado. 
653 |a Geografía Física 
942 |c BK  |h 910  |i ST81  |2 ddc  |6 910_000000000000000_ST81 
942 |c BK  |h 910  |i ST81  |2 ddc 
942 |c BK  |h 910  |i ST81  |2 ddc 
999 |c 8870  |d 8870